Miasta w małopolskim - Statystyki

Ogólne statystyki
  • Ten quiz został rozwiązany 76 razy
  • Średni wynik to 39 z 64
Statystyki odpowiedzi
ludność miasta % Poprawnych
809,168 kraków
98%
79,821 nowy sącz
96%
30,807 nowy targ
96%
102,123 tarnów
96%
27,979 wieliczka
96%
25,100 zakopane
96%
28,441 bochnia
93%
35,577 oświęcim
91%
32,048 olkusz
87%
15,928 brzesko
85%
17,745 myślenice
83%
17,196 wadowice
83%
33,707 chrzanów
80%
14,430 limanowa
80%
10,903 miechów
80%
25,367 gorlice
78%
8,701 stary sącz
78%
18,311 andrychów
76%
17,096 niepołomice
76%
11,458 dąbrowa tarnowska
74%
8,868 sucha beskidzka
72%
12,233 rabka zdrój
70%
18,502 trzebinia
67%
7,826 mszana dolna
65%
4,433 muszyna
65%
4,300 kalwaria zebrzydowska
63%
5,983 proszowice
63%
23,919 skawina
63%
9,597 krynica zdrój
61%
9,743 krzeszowice
61%
5,385 piwniczna zdrój
61%
5,208 szczawnica
61%
3,601 zator
59%
3,680 czarny dunajec
57%
6,163 dobczyce
57%
15,912 libiąż
57%
5,534 maków podhalański
57%
7,998 wolbrom
57%
3,232 alwernia
52%
5,403 jordanów
52%
3,880 skała
52%
4,161 słomniki
52%
2,730 nowy wiśnicz
50%
1,579 zakliczyn
50%
10,657 brzeszcze
48%
846 książ wielki
46%
5,947 grybów
43%
17,669 kęty
43%
1,604 nowe brzesko
43%
9,362 bukowno
41%
2,482 ciężkowice
41%
759 koszyce
41%
6,176 tuchów
41%
4,313 biecz
39%
3,060 bobowa
37%
8,413 chełmek
37%
4,086 szczucin
37%
3,141 wojnicz
37%
4,100 żabno
37%
2,276 czchów
35%
2,698 radłów
33%
6,464 sułkowice
30%
2,673 ryglice
28%
2,385 świątniki górne
28%
Nie znaleziono quizów pasujących do podanych kryteriów
Rozkład punktacji
Procent ludzi z każdym wynikiem
Percentyl według liczby udzielonych odpowiedzi
Twoja historia wyników
Nie rozwiązałeś tego quizu